000 00355nam a2200145Ia 4500
008 230312s9999||||xx |||||||||||||| ||und||
020 _a9781582557113
082 _a612
_bCOM
245 0 _aComprehansive Pharmacy Review
260 _bWolters kluwer pvt lmt
_aIndia
_c2010
300 _a1460
546 _aEng.
650 _aPharmacy
_vPharmacy
942 _cBK
999 _c4011
_d4011